[Event "Wuerttemberg-ch U18"]
[Site "Stuttgart"]
[Date "2003.04.24"]
[Round "5"]
[White "Krause, Felix"]
[Black "Doering, Michael"]
[Result "1-0"]
[WhiteElo "1449"]
[BlackElo "1429"]
[PlyCount "87"]
[EventDate "2003.04.??"]
[EventType "swiss"]
[EventRounds "7"]
[EventCountry "GER"]
[SourceTitle "EXT 2005"]
[Source "ChessBase"]
[SourceDate "2004.11.15"]
[SourceVersion "1"]
[SourceVersionDate "2004.11.15"]
[SourceQuality "1"]

1. e4 e5 2. Nf3 Nc6 3. Bb5 a6 4. Ba4 Nf6 5. d3 h6 6. Bxc6 dxc6 7. Nxe5 Qd4 8. Nf3 Bg4 9. Nxd4 Bxd1 10. Kxd1 Bc5 11. Be3 Rd8 12. Nxc6 Bxe3 13. Nxd8 Bf4 14. g3 Be5 15. Nxf7 Bxb2 16. Nxh8 Ng4 17. Ke2 Bxa1 18. c3 Bb2 19. h3 Ne5 20. f4 Nc6 21. Kd2 Kd7 22. Kc2 Ba1 23. Nd2 Bxc3 24. Kxc3 Ke6 25. Ng6 Kf6 26. f5 b5 27. a3 a5 28. Rb1 b4+ 29. axb4 axb4+ 30. Rxb4 Nxb4 31. Kxb4 Kf7 32. e5 c6 33. Ne4 h5 34. e6+ Ke8 35. f6 gxf6 36. Nxf6+ Kd8 37. e7+ Kc7 38. e8Q h4 39. Qd7+ Kb6 40. Ne5 hxg3 41. Qxc6+ Ka7 42. Ned7 g2 43. Qb6+ Ka8 44. Qb8# 1-0